000 00267nam a2200109Ia 4500
008 220204s9999 xx 000 0 und d
082 _a301(201)
_bABR
100 _aAbrahamson, M
245 0 _aUrban sociology
260 _aNew Jersey
_bPrentice Hall
_c1976
942 _cBK
999 _c29186
_d29186